LEADER 03708 am 2200577 n 450 001 9910595001403321 005 20201130 010 $a2-85831-288-5 024 7 $a10.4000/books.pressesinalco.40584 035 $a(CKB)4100000011659182 035 $a(FrMaCLE)OB-pressesinalco-40584 035 $a(oapen)https://directory.doabooks.org/handle/20.500.12854/95117 035 $a(PPN)267827598 035 $a(EXLCZ)994100000011659182 100 $a20220927j|||||||| ||| 0 101 0 $afre 135 $auu||||||m|||| 181 $ctxt$2rdacontent 182 $cc$2rdamedia 183 $acr$2rdacarrier 200 14$aLes Cérémonies du mariage chez les Kel-Ajjer du Sud-Est de l'Algérie $eÉtude ethnolinguistique d'une alchimie entre tradition et modernité /$fCatherine Vaudour 210 $aParis $cPresses de l?Inalco$d2020 215 $a1 online resource (258 p.) 225 1 $aAfriqueS 311 $a2-85831-287-7 330 $aLes cérémonies du mariage sont l?occasion d?un grand nombre de rituels dont l?observation et la description permettent d?étudier le groupe de l?intérieur, témoignant en particulier de la place qu?y occupent les femmes. Le mariage dans la culture touarègue est traditionnellement très onéreux pour le marié et sa famille. Cette situation produit une nouvelle pratique : l?instauration de mariages collectifs initiés et soutenus financièrement à la fois par l?État, les associations ainsi que les dons des commerçants. Cependant, on observe que le mariage collectif n?a pas fait disparaitre certaines traditions. La position actuelle des femmes touarègues dans cette région, dont la religion musulmane a bouleversé le statut, témoigne d?un réel changement des valeurs traditionnelles. La présentation des mutations sociétales permet d?une part, de montrer comment une culture s?adapte à de nouvelles données, et d?autre part, de signaler les points de résistance qui maintiennent la tradition. Le statut particulier de la femme qui après avoir été une épouse se retrouve seule : veuve ou répudiée voire, mais plus rarement, séparée montre que dans la culture touarègue la liberté de la femme, si elle a clairement été attestée dans le passé, est de nos jours contrainte par le droit et la religion qui ont cours dans la société algérienne. The rites of marriage are a privileged social time that the ethnolinguist?s study takes as a subject of investigation among Tuaregs from Ajjer in South east of Algeria. Marriage ceremonies involve a great number of rituals which allows close study of social groupings, in particular the status/position of women. In the Tuareg?s culture, a traditional wedding is very expensive for the bridegroom and his family. This situation has produced a new custom: the institution of collective weddings initiated and supported financially by the state, associations and also by gifts from shopkeepers. However, we observe some traditions remain even with these? 606 $aAnthropology 606 $aLinguistics 606 $aAlgérie 606 $achants 606 $amariage 606 $aAlgeria 606 $asongs 606 $aWomen 610 $aAlgeria 610 $asongs 610 $aWomen 615 4$aAnthropology 615 4$aLinguistics 615 4$aAlgérie 615 4$achants 615 4$amariage 615 4$aAlgeria 615 4$asongs 615 4$aWomen 700 $aVaudour$b Catherine$01350034 801 0$bFR-FrMaCLE 906 $aBOOK 912 $a9910595001403321 996 $aLes Cérémonies du mariage chez les Kel-Ajjer du Sud-Est de l'Algérie$93087845 997 $aUNINA